IZNA Members(Kpop) - Statistics

General Stats
  • This quiz has been taken 124 times
  • The average score is 6 of 7
Answer Stats
Answer % Correct
Mai
95%
Koko
94%
Jeemin
93%
Jiyoon
93%
Saebi
90%
Sarang
90%
Jungeun
84%
No matching quizzes found
Score Distribution
Percent of People with Each Score
Percentile by Number Answered
Your Score History
You have not taken this quiz